Masonry skills
| Main Author: | Kreh, Richard T |
|---|---|
| Published: |
Albany, NY:
Delmar Pub.,
1998.
|
| Edition: | 4th ed. |
| Subjects: |
| LEADER | 00572cam a2200181 7i4500 | ||
|---|---|---|---|
| 001 | 0000005381 | ||
| 005 | 20191017090000.0 | ||
| 020 | |a 9780827371767 (pbk.) | ||
| 020 | |a 0827371764 (pbk.) | ||
| 090 | 0 | 0 | |a TH5313 |b .K74 1998 |
| 100 | 1 | |a Kreh, Richard T | |
| 245 | 1 | 0 | |a Masonry skills |c Richard T. Kreh, Sr. |
| 250 | |a 4th ed. | ||
| 260 | |a Albany, NY: |b Delmar Pub., |c 1998. | ||
| 300 | |a xii, 596 p.: |b col. ill.; |c 24 cm. | ||
| 650 | 0 | 0 | |a Masonry |
| 997 | |a Engineering & Life Sciences, Faculty |b Engineering, Department | ||
| 999 | |a 0000008441 |b BOK |c OPEN SHELF |e 2nd Floor, Bestari Jaya | ||


